|
|
|
|
| LEADER |
01665nam a2200397Ia 4500 |
| 001 |
EBC1446570 |
| 003 |
MiAaPQ |
| 005 |
20200520144314.0 |
| 006 |
m o d | |
| 007 |
cr cn||||||||| |
| 008 |
121114s2013 flua sb 000 0 eng d |
| 010 |
|
|
|z 2012028118
|
| 020 |
|
|
|z 1466555742 (hardcover : alk. paper)
|
| 020 |
|
|
|z 9781466555747 (hardcover : alk. paper)
|
| 020 |
|
|
|z 9781466555754
|
| 035 |
|
|
|a (MiAaPQ)EBC1446570
|
| 035 |
|
|
|a (Au-PeEL)EBL1446570
|
| 035 |
|
|
|a (CaPaEBR)ebr10636363
|
| 035 |
|
|
|a (CaONFJC)MIL544810
|
| 035 |
|
|
|a (OCoLC)899156107
|
| 040 |
|
|
|a MiAaPQ
|c MiAaPQ
|d MiAaPQ
|
| 050 |
|
4 |
|a S624.D75
|b T75 2013
|
| 100 |
1 |
|
|a Trimble, Stanley Wayne.
|
| 245 |
1 |
0 |
|a Historical agriculture and soil erosion in the upper Mississippi Valley hill country
|h [electronic resource] /
|c Stanley W. Trimble ; [foreword by Andrew Goudie].
|
| 260 |
|
|
|a Boca Raton :
|b CRC Press,
|c 2013.
|
| 300 |
|
|
|a xlviii, 235 p. :
|b ill.
|
| 504 |
|
|
|a Includes bibliographical references.
|
| 533 |
|
|
|a Electronic reproduction. Ann Arbor, MI : ProQuest, 2015. Available via World Wide Web. Access may be limited to ProQuest affiliated libraries.
|
| 650 |
|
0 |
|a Soil erosion
|z Driftless Area
|x History
|y 19th century.
|
| 650 |
|
0 |
|a Soil erosion
|z Driftless Area
|x History
|y 20th century.
|
| 650 |
|
0 |
|a Agriculture
|x Environmental aspects
|z Driftless Area
|x History
|y 19th century.
|
| 650 |
|
0 |
|a Agriculture
|x Environmental aspects
|z Driftless Area
|x History
|y 20th century.
|
| 655 |
|
4 |
|a Electronic books.
|
| 700 |
1 |
|
|a Goudie, Andrew.
|
| 710 |
2 |
|
|a ProQuest (Firm)
|
| 856 |
4 |
0 |
|u https://ebookcentral.proquest.com/lib/matrademy/detail.action?docID=1446570
|z Click to View
|